[Event "Monarch Assurance Isle of Man 6th"]
[Site "Port Erin IOM"]
[Date "1997.10.04"]
[Round "1"]
[White "Agnos, Demetrios"]
[Black "Rice, Chris"]
[Result "1-0"]
[WhiteElo "2515"]
[BlackElo "2095"]
[PlyCount "61"]
[EventDate "1997.10.04"]
[EventType "swiss"]
[EventRounds "9"]
[EventCountry "IOM"]

1. e4 e6 2. d4 d5 3. Nd2 Nf6 4. e5 Ne4 5. Bd3 Nxd2 6. Bxd2 c5 7. c3 Qb6 8. Nf3
Nc6 9. Bc1 cxd4 10. cxd4 Bb4+ 11. Kf1 Bd7 12. a3 Be7 13. b4 O-O 14. h4 f6 15.
exf6 Bxf6 16. Be3 Rac8 17. Rh3 Ne7 18. g4 g6 19. h5 Bb5 20. Kg2 Rc3 21. Bb1 Qa6
22. hxg6 hxg6 23. Qh1 Be2 24. Ne5 Bxe5 25. dxe5 Bxg4 26. Rh8+ Kf7 27. Bxg6+
Nxg6 28. Qh7+ Ke8 29. Qxg6+ Ke7 30. Qg7+ Rf7 31. Bg5+ 1-0

[Event "Monarch Assurance Isle of Man 6th"]
[Site "Port Erin IOM"]
[Date "1997.10.04"]
[Round "1"]
[White "Baum, Bernd"]
[Black "Baburin, Alexander"]
[Result "0-1"]
[WhiteElo "2270"]
[BlackElo "2570"]
[PlyCount "86"]
[EventDate "1997.10.04"]
[EventType "swiss"]
[EventRounds "9"]
[EventCountry "IOM"]

1. e4 Nf6 2. e5 Nd5 3. d4 d6 4. c4 Nb6 5. exd6 exd6 6. Nf3 Be7 7. Be2 O-O 8.
O-O Bf6 9. Nc3 Nc6 10. b3 Bg4 11. Be3 d5 12. c5 Nc8 13. Rc1 N8e7 14. h3 Be6 15.
g4 h6 16. Ne1 g5 17. Ng2 Bg7 18. f4 f5 19. Rc2 Ng6 20. Rd2 gxf4 21. Bxf4 Qd7
22. Bg3 fxg4 23. hxg4 Rxf1+ 24. Kxf1 a6 25. Kg1 Rf8 26. b4 Qe7 27. b5 Nxd4 28.
Bf2 Rxf2 29. Kxf2 Qxc5 30. Na4 Qf8+ 31. Ke1 axb5 32. Nb2 Nf4 33. Nxf4 Qxf4 34.
Nd3 Qe3 35. Kf1 Qh3+ 36. Ke1 Qg3+ 37. Kf1 Nxe2 38. Qxe2 Bxg4 39. Qe8+ Kh7 40.
Nf2 Bf3 41. Nd3 Qh3+ 42. Ke1 Qh1+ 43. Kf2 Qg2+ 0-1

[Event "Monarch Assurance Isle of Man 6th"]
[Site "Port Erin IOM"]
[Date "1997.10.04"]
[Round "1"]
[White "Hebden, Mark"]
[Black "Sindik, Ervin"]
[Result "1-0"]
[WhiteElo "2575"]
[BlackElo "2355"]
[PlyCount "93"]
[EventDate "1997.10.04"]
[EventType "swiss"]
[EventRounds "9"]
[EventCountry "IOM"]

1. d4 Nf6 2. Nf3 c5 3. c3 e6 4. Bg5 Be7 5. Nbd2 cxd4 6. cxd4 h6 7. Bh4 d5 8. e3
O-O 9. Bd3 Nc6 10. a3 a5 11. O-O a4 12. Qe2 Bd7 13. Ne5 Be8 14. Rac1 Nxe5 15.
dxe5 Nd7 16. Bxe7 Qxe7 17. f4 Nc5 18. Nf3 b6 19. Bb1 Bd7 20. Nd4 Bc8 21. Qh5
Ba6 22. Rf3 f5 23. Rg3 Rac8 24. Re1 Kh8 25. Rg6 Qf7 26. g4 fxg4 27. Qxg4 Rce8
28. h4 Nd3 29. Bxd3 Bxd3 30. Rxe6 Bf5 31. Qxf5 Qxf5 32. Nxf5 Rxe6 33. Nd4 Ree8
34. h5 Kg8 35. Kh2 Rc8 36. Kg3 Kf7 37. f5 Rc4 38. Kf4 Rfc8 39. Rg1 R8c7 40. e6+
Kf8 41. Ke5 Rc1 42. Rg6 Re1 43. Kd6 Ra7 44. f6 Rxe3 45. e7+ Kf7 46. fxg7 Ra8
47. Nf5 1-0

[Event "Monarch Assurance Isle of Man 6th"]
[Site "Port Erin IOM"]
[Date "1997.10.04"]
[Round "1"]
[White "Kosten, Anthony"]
[Black "Coathup, Roger"]
[Result "1-0"]
[WhiteElo "2535"]
[BlackElo "2120"]
[PlyCount "81"]
[EventDate "1997.10.04"]
[EventType "swiss"]
[EventRounds "9"]
[EventCountry "IOM"]

1. e4 c5 2. Nf3 e6 3. c3 Nf6 4. e5 Nd5 5. g3 Nc6 6. Bg2 d6 7. exd6 Bxd6 8. O-O
O-O 9. d4 cxd4 10. Nxd4 Nde7 11. c4 Nxd4 12. Qxd4 e5 13. Qc3 Nc6 14. Be3 Be6
15. c5 Bc7 16. Na3 Qe7 17. Nb5 Rfd8 18. b4 Bd5 19. Rfd1 Bxg2 20. Kxg2 Rac8 21.
Qc4 Bb8 22. Nc3 Rxd1 23. Rxd1 Rd8 24. Rxd8+ Qxd8 25. b5 Ne7 26. Bg5 Bc7 27.
Bxe7 Qxe7 28. Nd5 Qd8 29. c6 b6 30. Nxc7 Qxc7 31. Qd5 Kf8 32. g4 Qc8 33. Qd6+
Ke8 34. Qxe5+ Kf8 35. h3 f6 36. Qd6+ Ke8 37. Kg3 Kf7 38. c7 Ke8 39. f4 h5 40.
f5 Qd7 41. Qe6+ 1-0

[Event "Monarch Assurance Isle of Man 6th"]
[Site "Port Erin IOM"]
[Date "1997.10.04"]
[Round "1"]
[White "Liss, Eran"]
[Black "Thompson, Ian"]
[Result "1/2-1/2"]
[WhiteElo "2540"]
[BlackElo "2285"]
[PlyCount "103"]
[EventDate "1997.10.04"]
[EventType "swiss"]
[EventRounds "9"]
[EventCountry "IOM"]

1. e4 e6 2. d4 d5 3. Nd2 Nf6 4. e5 Nfd7 5. f4 c5 6. c3 Nc6 7. Ndf3 f5 8. Bd3
cxd4 9. cxd4 Be7 10. Ne2 Nb6 11. Rg1 a5 12. g4 O-O 13. gxf5 exf5 14. a4 Bd7 15.
b3 Be8 16. Ng3 Bg6 17. Bd2 Rc8 18. Qb1 Nb4 19. Bxb4 Bxb4+ 20. Kf1 Rc3 21. h4
Qe8 22. Ra2 Bh5 23. Rf2 Bg4 24. Kg2 Qg6 25. Nh2 Be7 26. h5 Bxh5 27. Kh1 Qh6 28.
Rff1 Bg4 29. Nxf5 Bxf5 30. Bxf5 Kh8 31. Qb2 Bb4 32. Qb1 Re3 33. Rg5 Re2 34. Rg2
Rxg2 35. Kxg2 Bd2 36. Ng4 Qh5 37. Be6 Rxf4 38. Rxf4 Bxf4 39. Qf1 Qg5 40. Qb5
Qd8 41. Qxa5 h5 42. Nf2 Be3 43. Qb4 Qg5+ 44. Kf1 Qf4 45. Qe1 Qxd4 46. Bf7 Qxe5
47. Bxh5 Nd7 48. Bf3 Qf4 49. Ke2 Bxf2 50. Qxf2 Nf6 51. Qb6 Qe5+ 52. Kf1 1/2-1/2

[Event "Monarch Assurance Isle of Man 6th"]
[Site "Port Erin IOM"]
[Date "1997.10.04"]
[Round "1"]
[White "Maggs, Steven"]
[Black "Ward, Chris"]
[Result "0-1"]
[WhiteElo "2085"]
[BlackElo "2485"]
[PlyCount "62"]
[EventDate "1997.10.04"]
[EventType "swiss"]
[EventRounds "9"]
[EventCountry "IOM"]

1. c4 b6 2. Nc3 Bb7 3. Nf3 c5 4. e3 Nf6 5. Be2 e6 6. O-O Be7 7. d4 cxd4 8. exd4
d6 9. Be3 O-O 10. Qd2 Nbd7 11. b3 Ne4 12. Nxe4 Bxe4 13. Rac1 Rc8 14. Rfd1 Rc7
15. Bf4 Nf6 16. b4 Qc8 17. c5 Rd8 18. cxb6 axb6 19. a3 Nd5 20. Rxc7 Qxc7 21.
Rc1 Qa7 22. Ng5 Bg6 23. Bf3 Nxf4 24. Qxf4 Qxa3 25. h4 h6 26. Ne4 d5 27. Ng3
Bxh4 28. Rc7 Bg5 29. Qe5 Bf6 30. Qe1 Bxd4 31. Bh5 Qxg3 0-1

[Event "Monarch Assurance Isle of Man 6th"]
[Site "Port Erin IOM"]
[Date "1997.10.04"]
[Round "1"]
[White "McLean, John"]
[Black "Gallagher, Joe"]
[Result "0-1"]
[WhiteElo "2120"]
[BlackElo "2545"]
[PlyCount "60"]
[EventDate "1997.10.04"]
[EventType "swiss"]
[EventRounds "9"]
[EventCountry "IOM"]

1. e4 c5 2. Nc3 Nc6 3. g3 g6 4. Bg2 Bg7 5. d3 d6 6. f4 e6 7. Nf3 Nge7 8. Be3
O-O 9. O-O b6 10. d4 Ba6 11. Rf2 cxd4 12. Nxd4 Na5 13. f5 Nc4 14. Bc1 e5 15. f6
exd4 16. fxg7 Kxg7 17. Qxd4+ f6 18. Nd5 Nxd5 19. exd5 Ne5 20. b3 Qe7 21. c4
Rae8 22. a4 Bc8 23. h3 Qc7 24. Bb2 Bd7 25. Raf1 Bc8 26. Qh4 Qe7 27. Bc1 g5 28.
Qh5 Nd3 29. Rxf6 Rxf6 30. Rxf6 Nxc1 0-1

[Event "Monarch Assurance Isle of Man 6th"]
[Site "Port Erin IOM"]
[Date "1997.10.04"]
[Round "1"]
[White "Nicholson, John IRL"]
[Black "Donaldson, John W"]
[Result "0-1"]
[WhiteElo "2045"]
[BlackElo "2405"]
[PlyCount "34"]
[EventDate "1997.10.04"]
[EventType "swiss"]
[EventRounds "9"]
[EventCountry "IOM"]

1. Nf3 c5 2. e4 g6 3. c3 Bg7 4. g3 d6 5. Bg2 Nf6 6. O-O O-O 7. Re1 Bg4 8. h3
Bxf3 9. Qxf3 Nc6 10. d3 Rb8 11. Qe2 Qc7 12. g4 b5 13. f4 Nd7 14. Be3 b4 15. Qf2
Nb6 16. Rd1 Na4 17. b3 bxc3 0-1

[Event "Monarch Assurance Isle of Man 6th"]
[Site "Port Erin IOM"]
[Date "1997.10.04"]
[Round "1"]
[White "Rausis, Igors"]
[Black "Sedgwick, David"]
[Result "1-0"]
[WhiteElo "2490"]
[BlackElo "2125"]
[PlyCount "103"]
[EventDate "1997.10.04"]
[EventType "swiss"]
[EventRounds "9"]
[EventCountry "IOM"]

1. e4 e6 2. d4 d5 3. Nd2 Nf6 4. e5 Nfd7 5. c3 c5 6. Bd3 Nc6 7. Ne2 cxd4 8. cxd4
f6 9. exf6 Nxf6 10. O-O Bd6 11. Nf3 Qc7 12. Bg5 O-O 13. Rc1 Qf7 14. Bf4 Bxf4
15. Nxf4 Ne4 16. Ne2 Bd7 17. Ng3 Nxg3 18. hxg3 Qf6 19. Bb5 Rfc8 20. Qd2 a6 21.
Bxc6 Bxc6 22. Rc3 Bb5 23. Rfc1 Qf8 24. Qe3 Qe8 25. Qe5 Rxc3 26. Rxc3 Rc8 27.
Rc7 Rxc7 28. Qxc7 Bc6 29. Ne5 h6 30. g4 Kh7 31. a3 Qf8 32. g3 Qf6 33. Kg2 h5
34. gxh5 Qf5 35. Qf7 Qe4+ 36. f3 Qxd4 37. Qg6+ Kg8 38. Qxe6+ Kh7 39. Qf5+ Kg8
40. Qc8+ Kh7 41. Nf7 Qxb2+ 42. Kh3 g6 43. Ng5+ Kh6 44. Nf7+ Kh7 45. hxg6+ Kxg6
46. Qg8+ Qg7 47. Ne5+ Kf6 48. Ng4+ Kg6 49. Qe6+ Kh7 50. Nf6+ Kh6 51. f4 Qg6 52.
f5 1-0

[Event "Monarch Assurance Isle of Man 6th"]
[Site "Port Erin IOM"]
[Date "1997.10.04"]
[Round "1"]
[White "Spanton, Tim"]
[Black "David, Alberto"]
[Result "0-1"]
[WhiteElo "2065"]
[BlackElo "2455"]
[PlyCount "160"]
[EventDate "1997.10.04"]
[EventType "swiss"]
[EventRounds "9"]
[EventCountry "IOM"]

1. c4 g6 2. Nc3 Bg7 3. g3 Nf6 4. Bg2 O-O 5. e4 c5 6. Nge2 Nc6 7. O-O Ne8 8. d3
Nc7 9. f4 Rb8 10. f5 b5 11. Rb1 Ne5 12. b3 b4 13. Nd5 Nxd5 14. exd5 d6 15. d4
Nd7 16. Be3 Qa5 17. Qd2 Nf6 18. fxg6 hxg6 19. dxc5 dxc5 20. Bf4 Rb7 21. Be5 Rd7
22. Qb2 Ne8 23. Bh3 Rd8 24. Bxc8 Rxc8 25. Nf4 Qd8 26. Rf3 a5 27. Rbf1 Bxe5 28.
Qxe5 Qd6 29. Nd3 a4 30. Rf4 Qxe5 31. Nxe5 Nd6 32. g4 Kg7 33. Re1 Rfe8 34. Ref1
Rf8 35. Re1 Rc7 36. Rf2 Ra8 37. Ref1 axb3 38. axb3 f6 39. Nd3 g5 40. Re2 Ra3
41. Rb1 Kf8 42. Re3 Ra2 43. Rb2 Rxb2 44. Nxb2 Ra7 45. Nd3 Nb7 46. Nf2 Ra1+ 47.
Kg2 Ra2 48. Kg3 Ra3 49. Ne4 Na5 50. Nxc5 Nxc4 51. Re4 Nb6 52. Rd4 Ra5 53. Rxb4
Nxd5 54. Rb8+ Kf7 55. Ne4 Ra2 56. Rd8 Nf4 57. Rd2 Ra3 58. Nc5 Ne6 59. Nxe6
Rxb3+ 60. Kf2 Kxe6 61. Re2+ Kd6 62. Rd2+ Ke5 63. Re2+ Kf4 64. Rxe7 Rb2+ 65. Kg1
Kxg4 66. Re3 f5 67. Ra3 Re2 68. Rb3 f4 69. Rb4 Kf3 70. Rb3+ Re3 71. Rb1 Rd3 72.
Kf1 g4 73. Ra1 Rb3 74. Kg1 g3 75. Rf1+ Kg4 76. Kh1 Rb2 77. hxg3 f3 78. Kg1 Kxg3
79. Ra1 Rg2+ 80. Kh1 Rh2+ 0-1

[Event "Monarch Assurance Isle of Man 6th"]
[Site "Port Erin IOM"]
[Date "1997.10.04"]
[Round "1"]
[White "Van den Doel, Erik"]
[Black "Campbell, Eoin"]
[Result "1-0"]
[WhiteElo "2430"]
[BlackElo "2050"]
[PlyCount "45"]
[EventDate "1997.10.04"]
[EventType "swiss"]
[EventRounds "9"]
[EventCountry "IOM"]

1. e4 c6 2. d4 d5 3. Nd2 dxe4 4. Nxe4 Nd7 5. Ng5 Ndf6 6. N1f3 Bg4 7. h3 Bxf3 8.
Nxf3 e6 9. Bd3 Bd6 10. O-O Ne7 11. c4 O-O 12. Bg5 Nd7 13. Qe2 Re8 14. Rab1 a5
15. Rfd1 Qc7 16. a3 Ng6 17. Qc2 Bf4 18. Bxf4 Qxf4 19. Re1 Nh4 20. Bxh7+ Kh8 21.
Be4 Nf6 22. Ne5 Nxe4 23. Rxe4 1-0

[Event "Monarch Assurance Isle of Man 6th"]
[Site "Port Erin IOM"]
[Date "1997.10.05"]
[Round "2"]
[White "Baburin, Alexander"]
[Black "Rausis, Igors"]
[Result "1-0"]
[WhiteElo "2570"]
[BlackElo "2490"]
[PlyCount "81"]
[EventDate "1997.10.04"]
[EventType "swiss"]
[EventRounds "9"]
[EventCountry "IOM"]

1. d4 d5 2. c4 e6 3. Nc3 Nf6 4. cxd5 exd5 5. Bg5 c6 6. Qc2 Nbd7 7. e3 Be7 8.
Bd3 O-O 9. Nf3 Re8 10. h3 Nf8 11. Bf4 Bd6 12. Bxd6 Qxd6 13. O-O-O a5 14. Kb1
Be6 15. Ne5 N6d7 16. Nxd7 Bxd7 17. Na4 Be6 18. Rc1 Ra7 19. a3 h6 20. g4 Nd7 21.
f4 b5 22. f5 bxa4 23. Rhe1 Nb6 24. Qxc6 Qb8 25. fxe6 Rxe6 26. Qc3 g6 27. h4
Ree7 28. h5 Rec7 29. Qd2 Nc4 30. Bxc4 dxc4 31. hxg6 fxg6 32. d5 Rab7 33. Ka1
Rb3 34. Rc3 Rcb7 35. Rxb3 Rxb3 36. Qc2 Qd6 37. Qxc4 Qe5 38. d6+ Kg7 39. Qd4
Qxd4 40. exd4 Kf6 41. d7 1-0

[Event "Monarch Assurance Isle of Man 6th"]
[Site "Port Erin IOM"]
[Date "1997.01.05"]
[Round "2"]
[White "Buckley, Graeme"]
[Black "Maggs, Steven"]
[Result "1-0"]
[WhiteElo "2380"]
[BlackElo "2085"]
[PlyCount "91"]
[EventDate "1997.10.04"]
[EventType "swiss"]
[EventRounds "9"]
[EventCountry "IOM"]

1. d4 Nf6 2. c4 e6 3. Nc3 Bb4 4. e3 O-O 5. Bd3 d5 6. Nf3 b6 7. O-O Bb7 8. cxd5
exd5 9. a3 Bxc3 10. bxc3 Nbd7 11. a4 Ne4 12. Qb3 a6 13. c4 dxc4 14. Bxc4 c6 15.
Ba3 c5 16. Rab1 Rb8 17. Rfc1 Qf6 18. Bd5 Rfc8 19. Bxb7 Rxb7 20. Qd3 Qe6 21.
dxc5 Rbc7 22. cxb6 Rxc1+ 23. Rxc1 Rxc1+ 24. Bxc1 Nec5 25. Qc2 Qxb6 26. Nd4 Qb4
27. Kf1 Qxa4 28. Qxa4 Nxa4 29. Ke2 g6 30. e4 Kf8 31. Nc6 Ke8 32. Ke3 Ndc5 33.
Ba3 Kd7 34. Ne5+ Ke6 35. Nf3 f6 36. g4 Kd7 37. g5 fxg5 38. Nxg5 h5 39. f4 Kc6
40. Kd4 Nd7 41. e5 Nab6 42. e6 Nf6 43. Nf7 Ng4 44. h3 Nf2 45. Ne5+ Kc7 46. e7
1-0

[Event "Monarch Assurance Isle of Man 6th"]
[Site "Port Erin IOM"]
[Date "1997.10.05"]
[Round "2"]
[White "Emms, John"]
[Black "Van den Doel, Erik"]
[Result "1-0"]
[WhiteElo "2535"]
[BlackElo "2430"]
[PlyCount "89"]
[EventDate "1997.10.04"]
[EventType "swiss"]
[EventRounds "9"]
[EventCountry "IOM"]

1. e4 c5 2. Nf3 d6 3. d4 cxd4 4. Nxd4 Nf6 5. Nc3 a6 6. Bc4 e6 7. O-O b5 8. Bb3
Be7 9. Qf3 Qb6 10. Bg5 O-O 11. Rad1 b4 12. Na4 Qb7 13. c3 a5 14. c4 Nbd7 15.
Nb5 Qb8 16. Qe2 Bb7 17. f3 Bc6 18. Nd4 Rc8 19. Rd2 h6 20. Bh4 Ne5 21. Nxc6 Rxc6
22. f4 Ng6 23. Bg3 Qc7 24. f5 Ne5 25. fxe6 fxe6 26. Bxe5 dxe5 27. c5 Bxc5+ 28.
Nxc5 Rxc5 29. Bxe6+ Kh8 30. Bf5 Rc1 31. Rxc1 Qxc1+ 32. Rd1 Qg5 33. Qd2 Qh5 34.
Rf1 g6 35. Qd6 Qg5 36. Bxg6 Kg7 37. Bf5 Re8 38. Kh1 Nh5 39. Qd7+ Re7 40. Qd1
Nf6 41. Qd6 Re8 42. Qc7+ Kh8 43. Qxa5 Qd2 44. Qc7 Rg8 45. Rg1 1-0

[Event "Monarch Assurance Isle of Man 6th"]
[Site "Port Erin IOM"]
[Date "1997.10.05"]
[Round "2"]
[White "Gallagher, Joe"]
[Black "Ledger, Andrew"]
[Result "1/2-1/2"]
[WhiteElo "2545"]
[BlackElo "2415"]
[PlyCount "68"]
[EventDate "1997.10.04"]
[EventType "swiss"]
[EventRounds "9"]
[EventCountry "IOM"]

1. e4 c6 2. d4 d5 3. Nd2 dxe4 4. Nxe4 Nd7 5. Bd3 Ndf6 6. Ng5 Bg4 7. N1f3 Bh5 8.
c3 e6 9. h3 h6 10. Ne4 Bg6 11. Nxf6+ Qxf6 12. Bxg6 Qxg6 13. O-O Bd6 14. Re1 Nf6
15. Qb3 O-O-O 16. c4 Qh5 17. Ne5 Bxe5 18. dxe5 Nd7 19. Qe3 Nb6 20. b3 Qf5 21.
Ba3 Rd3 22. Qe4 Qxe4 23. Rxe4 Rhd8 24. Rf4 R3d7 25. Re1 Rg8 26. Re3 Kd8 27.
Ref3 Ke8 28. Bb4 Nc8 29. Kf1 b6 30. Ke2 c5 31. Bd2 a5 32. Be3 Na7 33. Rg4 Nc6
34. Rfg3 g6 1/2-1/2

[Event "Monarch Assurance Isle of Man 6th"]
[Site "Port Erin IOM"]
[Date "1997.10.05"]
[Round "2"]
[White "Lalic, Bogdan"]
[Black "Agnos, Demetrios"]
[Result "1/2-1/2"]
[WhiteElo "2600"]
[BlackElo "2515"]
[PlyCount "57"]
[EventDate "1997.10.04"]
[EventType "swiss"]
[EventRounds "9"]
[EventCountry "IOM"]

1. e4 c5 2. Nf3 d6 3. d4 cxd4 4. Nxd4 Nf6 5. Nc3 g6 6. Bc4 Bg7 7. O-O O-O 8.
Re1 Nc6 9. h3 Bd7 10. Bb3 Rc8 11. Bg5 h6 12. Be3 a6 13. Qd2 Kh7 14. f4 b5 15.
Bf2 Nxd4 16. Bxd4 Bc6 17. Nd5 e6 18. Nxf6+ Bxf6 19. Rad1 Bxd4+ 20. Qxd4 a5 21.
a3 Qh4 22. Qe3 Rfd8 23. c3 Kg7 24. Re2 b4 25. axb4 axb4 26. c4 Ba8 27. Red2 Qe7
28. Rf2 Qc7 29. Rfd2 1/2-1/2

[Event "Monarch Assurance Isle of Man 6th"]
[Site "Port Erin IOM"]
[Date "1997.10.05"]
[Round "2"]
[White "Sindik, Ervin"]
[Black "Spanton, Tim"]
[Result "1-0"]
[WhiteElo "2355"]
[BlackElo "2065"]
[PlyCount "23"]
[EventDate "1997.10.04"]
[EventType "swiss"]
[EventRounds "9"]
[EventCountry "IOM"]

1. e4 e5 2. f4 Bc5 3. Nf3 d5 4. Nxe5 Nf6 5. d4 Bb6 6. exd5 O-O 7. c4 c5 8. Bd3
Re8 9. O-O Nbd7 10. b4 Nxe5 11. fxe5 Bg4 12. Qc2 1-0

[Event "Monarch Assurance Isle of Man 6th"]
[Site "Port Erin IOM"]
[Date "1997.10.05"]
[Round "2"]
[White "Thompson, Ian"]
[Black "Cooper, Lawrence"]
[Result "1/2-1/2"]
[WhiteElo "2285"]
[BlackElo "2330"]
[PlyCount "38"]
[EventDate "1997.10.04"]
[EventType "swiss"]
[EventRounds "9"]
[EventCountry "IOM"]

1. c4 Nf6 2. Nc3 c5 3. g3 d5 4. cxd5 Nxd5 5. Bg2 Nc7 6. Nf3 Nc6 7. O-O e5 8. d3
Be7 9. Nd2 Bd7 10. Nc4 f6 11. f4 O-O 12. fxe5 fxe5 13. Rxf8+ Bxf8 14. Ne4 Be6
15. Be3 Na6 16. Rc1 Be7 17. Qe1 Rc8 18. Kh1 b6 19. a3 Qd7 1/2-1/2

[Event "Monarch Assurance Isle of Man 6th"]
[Site "Port Erin IOM"]
[Date "1997.10.05"]
[Round "2"]
[White "Ward, Chris"]
[Black "Sadler, Matthew"]
[Result "1/2-1/2"]
[WhiteElo "2485"]
[BlackElo "2665"]
[PlyCount "60"]
[EventDate "1997.10.04"]
[EventType "swiss"]
[EventRounds "9"]
[EventCountry "IOM"]

1. d4 d5 2. c4 c6 3. Nf3 Nf6 4. Nc3 e6 5. cxd5 exd5 6. Bg5 Be7 7. Qc2 g6 8. e3
Bf5 9. Bd3 Bxd3 10. Qxd3 Nbd7 11. O-O O-O 12. Bxf6 Nxf6 13. Ne5 Ne8 14. Rad1
Nd6 15. b4 a6 16. a4 Bf6 17. f4 Bg7 18. b5 axb5 19. axb5 Ra3 20. Ra1 Nxb5 21.
Rxa3 Nxa3 22. Nxd5 Qxd5 23. Qxa3 Re8 24. Rb1 c5 25. Qxc5 Qxc5 26. dxc5 Bxe5 27.
fxe5 Rxe5 28. Rxb7 Rxc5 29. Kf2 h5 30. h4 Kg7 1/2-1/2

[Event "Monarch Assurance Isle of Man 6th"]
[Site "Port Erin IOM"]
[Date "1997.10.06"]
[Round "3"]
[White "Agnos, Demetrios"]
[Black "Gallagher, Joe"]
[Result "1-0"]
[WhiteElo "2515"]
[BlackElo "2545"]
[PlyCount "93"]
[EventDate "1997.10.04"]
[EventType "swiss"]
[EventRounds "9"]
[EventCountry "IOM"]

1. e4 c5 2. Nf3 d6 3. c3 Nf6 4. Be2 Nbd7 5. d3 b6 6. O-O Bb7 7. Re1 g6 8. Nbd2
Bg7 9. d4 cxd4 10. cxd4 Nxe4 11. Nxe4 Bxe4 12. Bb5 Bd5 13. Bg5 f6 14. Bf4 Kf7
15. Qa4 Nf8 16. Rac1 Ne6 17. Bd2 Rc8 18. Bc4 Rxc4 19. Rxc4 Bxc4 20. Qxc4 d5 21.
Qc6 Qd6 22. Qb7 a5 23. Rc1 Rb8 24. Qa7 Rd8 25. a3 Rd7 26. Qa6 Rc7 27. Re1 Rc4
28. b3 Rc7 29. b4 axb4 30. Bxb4 Qc6 31. Bd2 Rc8 32. h4 Ra8 33. Qd3 h5 34. Rc1
Qd6 35. Rc3 Qd7 36. Qb1 Qd6 37. g4 hxg4 38. h5 gxh5 39. Nh4 Nf4 40. Qf5 Ne2+
41. Kf1 Nxc3 42. Qg6+ Kf8 43. Nf5 Qe6 44. Nxg7 Qe2+ 45. Kg1 e6 46. Nxh5 Ne4 47.
Bb4+ 1-0

[Event "Monarch Assurance Isle of Man 6th"]
[Site "Port Erin IOM"]
[Date "1997.10.06"]
[Round "3"]
[White "Baum, Bernd"]
[Black "Lalic, Bogdan"]
[Result "0-1"]
[WhiteElo "2270"]
[BlackElo "2600"]
[PlyCount "50"]
[EventDate "1997.10.04"]
[EventType "swiss"]
[EventRounds "9"]
[EventCountry "IOM"]

1. e4 c5 2. Nc3 Nc6 3. g3 g6 4. Bg2 Bg7 5. d3 d6 6. Be3 Rb8 7. Qd2 b5 8. f4 b4
9. Nd1 e5 10. Nh3 Nf6 11. fxe5 Nxe5 12. Nf4 O-O 13. h3 a5 14. O-O Bb7 15. Bf2
d5 16. Bxc5 Re8 17. exd5 Nxd5 18. Nxd5 Bxd5 19. Be3 Rc8 20. Bg5 Qb6+ 21. Kh2
Bxg2 22. Qxg2 Qc5 23. Ne3 Ng4+ 24. Nxg4 Qxg5 25. Rad1 h5 0-1

[Event "Monarch Assurance Isle of Man 6th"]
[Site "Port Erin IOM"]
[Date "1997.10.06"]
[Round "3"]
[White "Kosten, Anthony"]
[Black "Ledger, Andrew"]
[Result "1-0"]
[WhiteElo "2535"]
[BlackElo "2415"]
[PlyCount "71"]
[EventDate "1997.10.04"]
[EventType "swiss"]
[EventRounds "9"]
[EventCountry "IOM"]

1. c4 Nf6 2. Nc3 e5 3. g3 Bc5 4. Bg2 d6 5. e3 a6 6. d4 Ba7 7. dxe5 dxe5 8.
Qxd8+ Kxd8 9. Nf3 Re8 10. b3 Nbd7 11. Bb2 c6 12. O-O Kc7 13. Rfd1 h6 14. b4 Nb6
15. Nd2 Bg4 16. f3 Bh5 17. c5 Nbd5 18. Nc4 Nxb4 19. Na4 Nd7 20. Bh3 Nxc5 21.
Nxc5 Bxc5 22. Bxe5+ Rxe5 23. Rd7+ Kb8 24. Nxe5 f6 25. Ng4 Ra7 26. Rxg7 f5 27.
Rd1 Nd5 28. Ne5 Bxe3+ 29. Kg2 Bg5 30. Nd7+ Kc8 31. Rxd5 cxd5 32. Nb6+ Kb8 33.
Bxf5 Bd2 34. g4 Be8 35. Rg8 Kc7 36. Nxd5+ 1-0

[Event "Monarch Assurance Isle of Man 6th"]
[Site "Port Erin IOM"]
[Date "1997.10.06"]
[Round "3"]
[White "Liss, Eran"]
[Black "Donaldson, John W"]
[Result "1/2-1/2"]
[WhiteElo "2540"]
[BlackElo "2405"]
[PlyCount "42"]
[EventDate "1997.10.04"]
[EventType "swiss"]
[EventRounds "9"]
[EventCountry "IOM"]

1. e4 c5 2. Nf3 Nc6 3. d4 cxd4 4. Nxd4 g6 5. c4 Nf6 6. Nc3 d6 7. Be2 Nxd4 8.
Qxd4 Bg7 9. Be3 O-O 10. Qd2 Be6 11. Rc1 Qa5 12. f3 Rfc8 13. b3 a6 14. Na4 Qxd2+
15. Kxd2 Nd7 16. g4 f5 17. exf5 gxf5 18. h3 Rf8 19. Rhf1 fxg4 20. fxg4 Rab8 21.
Nc3 Ne5 1/2-1/2

[Event "Monarch Assurance Isle of Man 6th"]
[Site "Port Erin IOM"]
[Date "1997.10.06"]
[Round "3"]
[White "McLean, John"]
[Black "Sindik, Ervin"]
[Result "0-1"]
[WhiteElo "2120"]
[BlackElo "2355"]
[PlyCount "72"]
[EventDate "1997.10.04"]
[EventType "swiss"]
[EventRounds "9"]
[EventCountry "IOM"]

1. e4 c5 2. Nc3 d6 3. g3 g6 4. Bg2 Bg7 5. d3 Nc6 6. f4 e5 7. Nh3 exf4 8. Bxf4
Nge7 9. O-O h6 10. Qd2 Rb8 11. Rae1 b5 12. Kh1 g5 13. Be3 b4 14. Nd1 Be6 15. b3
Qd7 16. Nhf2 Be5 17. c3 a5 18. cxb4 axb4 19. Re2 Ra8 20. Kg1 Nd4 21. Bxd4 Bxd4
22. Ne3 Nc6 23. Nf5 Bc3 24. Qe3 Nd4 25. Nxd4 Bxd4 26. Qc1 Ra7 27. Kh1 Qb5 28.
Qb1 h5 29. Nh3 Bg4 30. Rb2 Bxh3 31. Bxh3 g4 32. Bg2 h4 33. gxh4 Rxh4 34. Qe1
Rh8 35. Qe2 Qd7 36. Rc2 g3 0-1

[Event "Monarch Assurance Isle of Man 6th"]
[Site "Port Erin IOM"]
[Date "1997.10.06"]
[Round "3"]
[White "Rausis, Igors"]
[Black "Cooper, Lawrence"]
[Result "0-1"]
[WhiteElo "2490"]
[BlackElo "2330"]
[PlyCount "54"]
[EventDate "1997.10.04"]
[EventType "swiss"]
[EventRounds "9"]
[EventCountry "IOM"]

1. Nf3 Nf6 2. c4 e6 3. Nc3 Bb4 4. Qb3 a5 5. g3 O-O 6. Bg2 d6 7. O-O e5 8. d4
exd4 9. Nxd4 Nbd7 10. Rd1 Re8 11. h3 h6 12. Qc2 Nc5 13. Ndb5 Bd7 14. Bf4 Bc6
15. Bf1 Nce4 16. Na4 Nh5 17. a3 Nxf4 18. axb4 Qg5 19. Qb3 Nh5 20. Rd3 axb4 21.
Nxc7 Nc5 22. Qd1 Nxd3 23. Qxd3 Rxa4 24. Rxa4 Bxa4 25. Nxe8 Bxe8 26. Qxd6 Bc6
27. Qxb4 Nxg3 0-1

[Event "Monarch Assurance Isle of Man 6th"]
[Site "Port Erin IOM"]
[Date "1997.10.06"]
[Round "3"]
[White "Van den Doel, Erik"]
[Black "Thompson, Ian"]
[Result "1-0"]
[WhiteElo "2430"]
[BlackElo "2285"]
[PlyCount "115"]
[EventDate "1997.10.04"]
[EventType "swiss"]
[EventRounds "9"]
[EventCountry "IOM"]

1. e4 e6 2. d4 d5 3. Nd2 Nf6 4. e5 Nfd7 5. Ngf3 c5 6. c3 Nc6 7. Bd3 Qb6 8. O-O
g6 9. dxc5 Nxc5 10. Nb3 Nxd3 11. Qxd3 Bg7 12. Re1 O-O 13. Bg5 Bd7 14. Qd2 Qc7
15. Bf6 Rae8 16. Qg5 Bc8 17. Nbd4 h6 18. Qh4 Ne7 19. Nb5 Qd7 20. Bxg7 Nf5 21.
Qb4 Kxg7 22. Nxa7 b6 23. Nb5 Ba6 24. Nbd4 Qc7 25. a4 Bd3 26. Nxf5+ Bxf5 27. Nd4
Bd3 28. Re3 Ba6 29. Nc2 Qc4 30. b3 Qxb4 31. Nxb4 Bb7 32. Nc2 Rc8 33. Nd4 Ba6
34. f4 Rc5 35. b4 Rc7 36. a5 bxa5 37. Rxa5 Bc4 38. g4 Re8 39. Kf2 f6 40. f5
gxf5 41. gxf5 fxe5 42. Rxe5 Rf7 43. Ke3 Kf6 44. fxe6 Rc7 45. Rf5+ Kg6 46. Ra1
Kh7 47. Rg1 Ba2 48. Kd2 Ree7 49. Rf6 Rg7 50. Rxg7+ Kxg7 51. Rf1 Bc4 52. Rg1+
Kf6 53. h4 Ra7 54. h5 Ra2+ 55. Ke3 Rh2 56. Rg6+ Ke7 57. Nf5+ Kf8 58. Rxh6 1-0